000 005340000a22001930004500
003 LK-CoMWRAF
005 20231013100948.0
008 230817t ||||| |||| 00| 0 eng d
040 _aLK-CoMWRAF
_dLK-CoMWRAF
_eLK-CoMWRAF
041 _aeng
082 _a297.53
_bELK
100 _aEl-Kholi, El-Bahay
245 _aAl Siyam :
_bFasting
260 _aCairo :
_bSupreme council for Islamic affairs,
_c1984
300 _a46p
490 _aEssentials of Islam Series
650 _a Fasting -- Religious aspects -- Islam
942 _cBK
999 _c1756
_d1756